000 00573nam a2200205Ia 4500
003 OSt
005 20220926045247.0
006 a|||||r|||| 00| 0
007 ta
008 220923b |||||||| |||| 00| 0 eng d
037 _cGeneral Book
040 _aRTL
_cRTL
_beng
041 _2eng
_aeng
082 _aX79(44Q7214).N7, L6/Q7
100 _aAlam Manjurul
_9349998
245 0 _aFinancial strength of local governement in Bangladesh
260 _c1976
942 _hX79(44Q7214).N7, L6/Q7
_cGB
_2CC
999 _c677119
_d677119